[Event "Renfrew op"]
[Site "Renfrew CAN"]
[Date "1999.08.07"]
[Round "1"]
[White "Hum, Peter"]
[Black "Gagnon, Fabien"]
[Result "0-1"]
[WhiteElo "2202"]
[BlackElo "2034"]
[PlyCount "66"]
[GameId "2160767911742477"]
[EventDate "1999.08.07"]
[EventType "swiss"]
[EventRounds "5"]
[EventCountry "CAN"]

1. c4 e6 2. Nc3 d5 3. d4 c5 4. cxd5 exd5 5. Nf3 Nc6 6. g3 Nf6 7. Bg2 cxd4 8. Nxd4 Be7 9. O-O h6 10. Be3 O-O 11. Rc1 Bg4 12. h3 Be6 13. Nxc6 bxc6 14. Na4 Qd7 15. Kh2 Rfe8 16. Bc5 Rac8 17. Qd4 Rc7 18. b3 Bf5 19. Rfd1 Bd8 20. Qb2 Qe6 21. e3 Ne4 22. Bd4 Qg6 23. Nc5 Ng5 24. g4 Bc8 25. Nd3 h5 26. Nf4 Qh6 27. Bxg7 Qxg7 28. Qxg7+ Kxg7 29. Nxh5+ Kf8 30. Bxd5 cxd5 31. Rxc7 Bxc7+ 32. Kg2 Bb7 33. f3 Rxe3 0-1

[Event "Renfrew op"]
[Site "Renfrew CAN"]
[Date "1999.08.07"]
[Round "2"]
[White "Gagnon, Fabien"]
[Black "Djerkovic, Miladin"]
[Result "0-1"]
[WhiteElo "2034"]
[BlackElo "2344"]
[PlyCount "56"]
[GameId "2160767911742478"]
[EventDate "1999.08.07"]
[EventType "swiss"]
[EventRounds "5"]
[EventCountry "CAN"]

1. d4 Nf6 2. Nf3 e6 3. Nbd2 c5 4. e3 b6 5. Bd3 Bb7 6. O-O Nc6 7. c3 Qc7 8. Re1 Be7 9. e4 cxd4 10. Nxd4 Rd8 11. N2f3 d6 12. Ng5 O-O 13. Qe2 h6 14. Ngxe6 fxe6 15. Nxe6 Qd7 16. Bc4 Kh8 17. f4 d5 18. exd5 Nxd5 19. Qe4 Bc5+ 20. Kh1 Nce7 21. Qg6 Nf5 22. Ng5 hxg5 23. Qh5+ Kg8 24. fxg5 g6 25. Qxg6+ Qg7 26. Qh5 Qh7 27. Qg4 Qh4 28. Qxh4 Nxh4 0-1

[Event "Renfrew op"]
[Site "Renfrew CAN"]
[Date "1999.08.08"]
[Round "4"]
[White "Gould, Charles"]
[Black "Gagnon, Fabien"]
[Result "0-1"]
[WhiteElo "2100"]
[BlackElo "2034"]
[PlyCount "20"]
[GameId "2160767911742479"]
[EventDate "1999.08.07"]
[EventType "swiss"]
[EventRounds "5"]
[EventCountry "CAN"]

1. d4 d5 2. c4 e6 3. Nc3 c5 4. Bf4 cxd4 5. Qxd4 Nc6 6. Qd2 d4 7. Nb5 Bb4 8. Nc7+ Ke7 9. Nxa8 Bxd2+ 10. Kxd2 e5 0-1

[Event "Renfrew op"]
[Site "Renfrew CAN"]
[Date "1999.08.08"]
[Round "5"]
[White "Gagnon, Fabien"]
[Black "Valdizon, Armando"]
[Result "0-1"]
[WhiteElo "2034"]
[BlackElo "2322"]
[PlyCount "42"]
[GameId "2160767911742480"]
[EventDate "1999.08.07"]
[EventType "swiss"]
[EventRounds "5"]
[EventCountry "CAN"]

1. d4 Nf6 2. Nf3 e6 3. Nbd2 d5 4. e3 c5 5. c3 Bd6 6. Bd3 Nbd7 7. O-O O-O 8. e4 cxd4 9. cxd4 e5 10. exd5 exd4 11. Nc4 Nc5 12. Nxd6 Qxd6 13. b4 Nxd3 14. Qxd3 Qxd5 15. Qxd4 Bg4 16. Qxd5 Nxd5 17. Ne5 Be6 18. Bd2 Rfd8 19. Rfc1 Rac8 20. a3 Kf8 21. Nd3 Nb6 0-1

[Event "Roland Gaudet mem"]
[Site "Hull CAN"]
[Date "1999.11.16"]
[Round "1"]
[White "Cote, Jacques"]
[Black "Menard, Marc"]
[Result "1-0"]
[WhiteElo "2109"]
[BlackElo "1752"]
[PlyCount "77"]
[GameId "2160767911741831"]
[EventDate "1999.11.16"]
[EventType "swiss"]
[EventRounds "5"]
[EventCountry "CAN"]

1. e4 d5 2. exd5 Nf6 3. Bb5+ Bd7 4. Bc4 Bg4 5. f3 Bc8 6. Nc3 Nbd7 7. d4 Nb6 8. Bb3 Nbxd5 9. Nxd5 Nxd5 10. c4 Nb6 11. Ne2 g6 12. Be3 Bg7 13. O-O O-O 14. Qd2 e5 15. d5 Nd7 16. c5 b6 17. c6 Nf6 18. Bc4 a5 19. Nc3 Bf5 20. Rad1 Ne8 21. g4 Bc8 22. Bg5 Qd6 23. Ne4 Qb4 24. Qxb4 axb4 25. Be7 Ba6 26. Bxa6 Rxa6 27. Bxb4 f5 28. Bxf8 Bxf8 29. gxf5 gxf5 30. Nc3 Bc5+ 31. Kh1 Nd6 32. Rfe1 Bd4 33. a4 Kf7 34. Nb5 Nxb5 35. axb5 Ra8 36. Ra1 Rxa1 37. Rxa1 Ke7 38. Ra8 Kd6 39. Rd8+ 1-0

[Event "Roland Gaudet mem"]
[Site "Hull CAN"]
[Date "1999.11.16"]
[Round "1"]
[White "Gagnon, Fabien"]
[Black "Groleau, Gilles"]
[Result "1-0"]
[WhiteElo "2064"]
[BlackElo "1957"]
[PlyCount "67"]
[GameId "2160767911741832"]
[EventDate "1999.11.16"]
[EventType "swiss"]
[EventRounds "5"]
[EventCountry "CAN"]

1. e4 c5 2. Nf3 e6 3. d4 cxd4 4. Nxd4 Nf6 5. Nc3 d6 6. Be2 Be7 7. O-O O-O 8. Be3 a6 9. f4 Qc7 10. a4 Nc6 11. Nb3 b6 12. g4 Rb8 13. g5 Nd7 14. Bd3 Na5 15. Nd2 Nc5 16. Qh5 f5 17. Rf3 g6 18. Qh6 Nxd3 19. Rh3 Rf7 20. cxd3 Bf8 21. Qh4 Bb7 22. Ne2 Qc2 23. Nd4 Qxd3 24. Ra3 Qxa3 25. bxa3 e5 26. Nxf5 gxf5 27. exf5 exf4 28. Bd4 Nc6 29. g6 Nxd4 30. gxf7+ Kxf7 31. Qxh7+ Bg7 32. Qg6+ Kg8 33. f6 Ne6 34. fxg7 1-0

[Event "Roland Gaudet mem"]
[Site "Hull CAN"]
[Date "1999.11.16"]
[Round "1"]
[White "Laurin, Jacques"]
[Black "Charbonneau, Alain"]
[Result "0-1"]
[WhiteElo "1970"]
[BlackElo "1998"]
[PlyCount "106"]
[GameId "2160767911741833"]
[EventDate "1999.11.16"]
[EventType "swiss"]
[EventRounds "5"]
[EventCountry "CAN"]

1. c4 c5 2. Nc3 Nc6 3. g3 g6 4. Bg2 Bg7 5. e3 e6 6. Nge2 Nge7 7. d4 cxd4 8. exd4 d5 9. c5 O-O 10. Bf4 Nf5 11. Be3 Nxe3 12. fxe3 Ne7 13. O-O Bd7 14. a4 Rb8 15. Qd3 Nc6 16. Nb5 Nb4 17. Qd2 a5 18. Nf4 b6 19. Rac1 bxc5 20. Rxc5 Na6 21. Rc3 Bxb5 22. axb5 Rxb5 23. Rfc1 Qb8 24. Nd3 Nb4 25. b3 Nxd3 26. Qxd3 Rb4 27. Ra1 Qb6 28. Bf1 Rb8 29. Ra3 Bf8 30. Qa6 Qxa6 31. Bxa6 Rxd4 32. Rxa5 Rd1+ 33. Kf2 Bb4 34. Rb5 Rxb5 35. Rc8+ Kg7 36. Bxb5 Rd2+ 37. Kg1 Rb2 38. Ba4 Re2 39. Rb8 Bc5 40. b4 Bxe3+ 41. Kf1 Rxh2 42. b5 Ra2 43. Bd1 Rb2 44. Be2 Kf6 45. Rb7 h5 46. Rc7 e5 47. Rc3 Bd4 48. Rc6+ Kf5 49. Rd6 Ke4 50. Rf6 Rb1+ 51. Kg2 Ke3 52. Bf1 Rb2+ 53. Kh3 Rf2 0-1

[Event "Roland Gaudet mem"]
[Site "Hull CAN"]
[Date "1999.11.16"]
[Round "1"]
[White "Legault, Stephane"]
[Black "Thomann, Olivier"]
[Result "0-1"]
[WhiteElo "1448"]
[BlackElo "1768"]
[PlyCount "116"]
[GameId "2160767911741834"]
[EventDate "1999.11.16"]
[EventType "swiss"]
[EventRounds "5"]
[EventCountry "CAN"]
[SourceTitle "EXT 2004"]
[Source "ChessBase"]
[SourceDate "2003.11.25"]
[SourceVersion "1"]
[SourceVersionDate "2003.11.25"]
[SourceQuality "1"]

1. d4 Nf6 2. c4 g6 3. Nc3 Bg7 4. e4 d6 5. Nf3 O-O 6. d5 Nbd7 7. Be3 c5 8. h3 a6 9. Bd3 Rb8 10. O-O b5 11. cxb5 axb5 12. Bxb5 Nxe4 13. Bxd7 Nxc3 14. bxc3 Bxd7 15. Qd2 Qa5 16. Rfc1 Qa3 17. Bh6 Rb2 18. Qe3 Re8 19. Bxg7 Kxg7 20. c4 Qxe3 21. fxe3 Ra8 22. Rcb1 Rxb1+ 23. Rxb1 Bf5 24. Ra1 Ra4 25. Nd2 Bd3 26. Kf2 Kf6 27. g4 e6 28. e4 Ke5 29. Ke3 Bxc4 30. Nxc4+ Rxc4 31. dxe6 Rxe4+ 32. Kd3 fxe6 33. a4 d5 34. a5 Rf4 35. Re1+ Kd6 36. Ra1 Rf7 37. Rb1 Rf3+ 38. Ke2 Ra3 39. Rb6+ Ke5 40. Rb5 Kd4 41. Kd2 Rxh3 42. Kc2 Ra3 43. Kb2 Kc4 44. Rb6 Rxa5 45. Rxe6 Ra7 46. g5 d4 47. Re1 Rf7 48. Rc1+ Kd5 49. Rh1 Rf5 50. Rxh7 Rxg5 51. Rh2 Rg3 52. Rc2 g5 53. Rf2 c4 54. Rf5+ Ke4 55. Rc5 c3+ 56. Kc2 Rg2+ 57. Kb3 g4 58. Rc4 g3 0-1

[Event "Roland Gaudet mem"]
[Site "Hull CAN"]
[Date "1999.11.24"]
[Round "2"]
[White "Cote, Jacques"]
[Black "Gagnon, Fabien"]
[Result "1/2-1/2"]
[WhiteElo "2109"]
[BlackElo "2064"]
[PlyCount "119"]
[GameId "2160767911741835"]
[EventDate "1999.11.16"]
[EventType "swiss"]
[EventRounds "5"]
[EventCountry "CAN"]

1. e4 c6 2. d4 d5 3. e5 c5 4. dxc5 e6 5. Be3 Nd7 6. Bb5 Qc7 7. Qd4 Ne7 8. b4 a6 9. Bxd7+ Bxd7 10. Nf3 Nf5 11. Qd2 Nxe3 12. fxe3 b6 13. cxb6 Qxb6 14. c3 a5 15. bxa5 Rxa5 16. O-O Bc5 17. Nd4 O-O 18. Rf3 Rfa8 19. Nb3 R5a7 20. Nxc5 Qxc5 21. Qb2 Qc7 22. Qf2 Be8 23. Qg3 Qb6 24. Nd2 Qb2 25. Rd1 Rxa2 26. e4 Qb6+ 27. Qf2 Qxf2+ 28. Rxf2 Rc2 29. exd5 exd5 30. Nf1 Rxc3 31. Rxd5 Bc6 32. Rd4 Kf8 33. h4 Ke7 34. Nd2 Ra4 35. Rxa4 Bxa4 36. Ne4 Rc1+ 37. Kh2 Rc2 38. Rf4 h6 39. Nd6 Bb3 40. Nf5+ Kd7 41. Nd4 Rc3 42. Nxb3 Rxb3 43. Rxf7+ Ke6 44. Rxg7 Kxe5 45. Rg6 Kf5 46. Rxh6 Kg4 47. Rh8 Rb5 48. Rh7 Ra5 49. h5 Rg5 50. h6 Rh5+ 51. Kg1 Kg5 52. Kf2 Kg6 53. Rh8 Rf5+ 54. Kg3 Rg5+ 55. Kf4 Rf5+ 56. Ke4 Rf1 57. g4 Ra1 58. g5 Kxg5 59. h7 Kg6 60. Ke5 1/2-1/2

[Event "Roland Gaudet mem"]
[Site "Hull CAN"]
[Date "1999.11.24"]
[Round "2"]
[White "Groleau, Gilles"]
[Black "Laurin, Jacques"]
[Result "1-0"]
[WhiteElo "1957"]
[BlackElo "1970"]
[PlyCount "37"]
[GameId "2160767911741836"]
[EventDate "1999.11.16"]
[EventType "swiss"]
[EventRounds "5"]
[EventCountry "CAN"]

1. e4 c5 2. Nf3 e6 3. d4 cxd4 4. Nxd4 Nf6 5. Nc3 a6 6. Bd3 d6 7. O-O Nc6 8. Be3 Bd7 9. Kh1 Rc8 10. Qe2 Ne5 11. f4 Nxd3 12. cxd3 Qa5 13. f5 e5 14. Nb3 Qd8 15. d4 Rxc3 16. bxc3 Nxe4 17. Rac1 Qh4 18. Bf2 Qf4 19. Be1 1-0

[Event "Roland Gaudet mem"]
[Site "Hull CAN"]
[Date "1999.11.24"]
[Round "2"]
[White "Menard, Marc"]
[Black "Charbonneau, Alain"]
[Result "0-1"]
[WhiteElo "1752"]
[BlackElo "1998"]
[PlyCount "92"]
[GameId "2160767911741837"]
[EventDate "1999.11.16"]
[EventType "swiss"]
[EventRounds "5"]
[EventCountry "CAN"]

1. e4 c5 2. Nf3 Nc6 3. d4 cxd4 4. Nxd4 Nf6 5. Nc3 d6 6. Bc4 e6 7. O-O Be7 8. Be3 Ne5 9. Be2 Bd7 10. f4 Nc6 11. Ndb5 Qb8 12. Kh1 a6 13. Nd4 h5 14. h3 Qc7 15. Rf3 h4 16. a4 Nxd4 17. Qxd4 Bc6 18. Bd3 Nd7 19. b4 Bf6 20. Qc4 Nb6 21. Qb3 Bd7 22. Ne2 Bxa1 23. a5 Na4 24. Bd2 Rc8 25. b5 axb5 26. Bxb5 Bxb5 27. Qxb5+ Qc6 28. Qd3 Bf6 29. c3 Nc5 30. Qe3 Qxe4 31. Qf2 Qb1+ 32. Kh2 Ne4 33. Qe3 Nxd2 34. Qxd2 Rc6 35. Nd4 Bxd4 36. Qxd4 f6 37. Qa7 O-O 38. Qd4 Qf5 39. Qf2 Qxa5 40. Qxh4 Qf5 41. Rg3 Rf7 42. Rf3 Rfc7 43. Qg3 Rc4 44. Qf2 Qc5 45. Qe2 e5 46. fxe5 Qxe5+ 0-1

[Event "Roland Gaudet mem"]
[Site "Hull CAN"]
[Date "1999.11.30"]
[Round "3"]
[White "Charbonneau, Alain"]
[Black "Groleau, Gilles"]
[Result "0-1"]
[WhiteElo "1998"]
[BlackElo "1957"]
[PlyCount "94"]
[GameId "2160767911741838"]
[EventDate "1999.11.16"]
[EventType "swiss"]
[EventRounds "5"]
[EventCountry "CAN"]

1. d4 Nf6 2. c4 e6 3. Nf3 Bb4+ 4. Bd2 Qe7 5. Qb3 a5 6. a3 Bxd2+ 7. Nfxd2 d6 8. g3 Nc6 9. Qd3 O-O 10. Bg2 e5 11. d5 Nd8 12. Nc3 b6 13. O-O Nb7 14. b4 Bd7 15. Qc2 Rfc8 16. Nde4 Nxe4 17. Bxe4 g6 18. Qd2 f5 19. Bg2 Ra7 20. e3 Rca8 21. Qb2 Be8 22. Ne2 Nd8 23. Rfc1 Nf7 24. b5 Bd7 25. Re1 Rf8 26. Qc3 Nd8 27. a4 Nb7 28. Nc1 Nc5 29. Nb3 Nxb3 30. Qxb3 Raa8 31. f4 Rae8 32. Kf2 Qf6 33. Qb2 exf4 34. Qxf6 fxe3+ 35. Rxe3 Rxf6 36. Rae1 Rxe3 37. Kxe3 Rf7 38. Kf4 Kg7 39. h4 Kf6 40. Bh3 h6 41. g4 g5+ 42. hxg5+ hxg5+ 43. Kg3 Re7 44. Rxe7 Kxe7 45. Bf1 Kf6 46. Bd3 fxg4 47. Be2 Ke5 0-1

[Event "Roland Gaudet mem"]
[Site "Hull CAN"]
[Date "1999.11.30"]
[Round "3"]
[White "Gagnon, Fabien"]
[Black "Menard, Marc"]
[Result "1-0"]
[WhiteElo "2064"]
[BlackElo "1752"]
[PlyCount "97"]
[GameId "2160767911741839"]
[EventDate "1999.11.16"]
[EventType "swiss"]
[EventRounds "5"]
[EventCountry "CAN"]

1. Nf3 d5 2. g3 Nf6 3. Bg2 g6 4. O-O Bg7 5. d3 O-O 6. Nbd2 Bg4 7. h3 Bc8 8. e4 dxe4 9. dxe4 e6 10. Qe2 Nbd7 11. e5 Nd5 12. Nb3 c5 13. Rd1 Qc7 14. c4 Nb4 15. Bf4 Nc6 16. Re1 b6 17. h4 h5 18. Rad1 Bb7 19. Bh3 Rad8 20. Rd2 a5 21. a4 Nb4 22. Ng5 Rfe8 23. Ne4 Kf8 24. Nd6 Re7 25. Kh2 Kg8 26. Bg5 f6 27. exf6 Nxf6 28. Nxb7 Rxd2 29. Qxd2 Qxb7 30. Bxe6+ Kh7 31. Qd8 Re8 32. Qd1 Qc6 33. Bf7 Rxe1 34. Qxe1 Qf3 35. Bxf6 Bxf6 36. Nd2 Qf5 37. Be6 Qc2 38. Ne4 Qxb2 39. Qd1 Qd4 40. Qf3 Kg7 41. Ng5 Qd8 42. Bd5 Qd6 43. Ne6+ Kf7 44. Nc7+ Nxd5 45. Qxd5+ Qxd5 46. Nxd5 Bd4 47. Kg2 Ke6 48. Nf4+ Kf5 49. Kf3 1-0

[Event "Roland Gaudet mem"]
[Site "Hull CAN"]
[Date "1999.11.30"]
[Round "3"]
[White "Thomann, Olivier"]
[Black "Arsenault, Michel"]
[Result "1-0"]
[WhiteElo "1781"]
[BlackElo "1899"]
[PlyCount "97"]
[GameId "2160767911741840"]
[EventDate "1999.11.16"]
[EventType "swiss"]
[EventRounds "5"]
[EventCountry "CAN"]

1. e4 c5 2. Nc3 Nc6 3. f4 g6 4. Nf3 Bg7 5. d3 d6 6. Be2 e5 7. O-O Nge7 8. fxe5 dxe5 9. Be3 Nd4 10. Qd2 O-O 11. Nd1 Qd6 12. c3 Nxf3+ 13. Rxf3 Be6 14. Bh6 Nc6 15. Bxg7 Kxg7 16. Ne3 f6 17. Rg3 Rad8 18. Bg4 c4 19. Bxe6 Qxe6 20. Nf5+ Kh8 21. Rxg6 Rg8 22. Rxg8+ Rxg8 23. dxc4 Qxc4 24. Qd6 Qf7 25. Nh6 Qf8 26. Qxf8 Rxf8 27. Rd1 Kg7 28. Nf5+ Kg6 29. Rd7 Rf7 30. Rxf7 Kxf7 31. Nd6+ Ke6 32. Nxb7 f5 33. exf5+ Kxf5 34. Kf2 e4 35. Ke3 Ke5 36. Nc5 Ne7 37. Nxe4 Nd5+ 38. Kf3 Nf4 39. Ng5 Nd3 40. Nxh7 Nxb2 41. g4 Na4 42. c4 Nc5 43. h4 a5 44. Ke3 a4 45. Ng5 Na6 46. Nf3+ Kf6 47. a3 Nc7 48. Kd3 Ne6 49. Kc3 1-0

[Event "Roland Gaudet mem"]
[Site "Hull CAN"]
[Date "1999.12.07"]
[Round "4"]
[White "Cote, Jacques"]
[Black "Charbonneau, Alain"]
[Result "1-0"]
[WhiteElo "2109"]
[BlackElo "1998"]
[PlyCount "35"]
[GameId "2160767911741841"]
[EventDate "1999.11.16"]
[EventType "swiss"]
[EventRounds "5"]
[EventCountry "CAN"]

1. e4 c5 2. Nf3 Nc6 3. d4 cxd4 4. Nxd4 Nf6 5. Nc3 d6 6. Bg5 e6 7. Bb5 Bd7 8. O-O Be7 9. Re1 Nxe4 10. Nxe4 Bxg5 11. Nxd6+ Kf8 12. Bxc6 Bxc6 13. Rxe6 fxe6 14. Nxe6+ Ke7 15. Nxd8 Raxd8 16. Qd4 Bf6 17. Re1+ Kf8 18. Qc5 1-0

[Event "Roland Gaudet mem"]
[Site "Hull CAN"]
[Date "1999.12.07"]
[Round "4"]
[White "Gagnon, Fabien"]
[Black "Laurin, Jacques"]
[Result "0-1"]
[WhiteElo "2064"]
[BlackElo "1970"]
[PlyCount "52"]
[GameId "2160767911741842"]
[EventDate "1999.11.16"]
[EventType "swiss"]
[EventRounds "5"]
[EventCountry "CAN"]

1. e4 c5 2. Nf3 d6 3. d4 cxd4 4. Nxd4 Nf6 5. Nc3 a6 6. Be2 e6 7. O-O Be7 8. Be3 Qc7 9. a4 Nc6 10. f4 Bd7 11. Nb3 Rc8 12. a5 Qb8 13. Bf3 e5 14. f5 Nb4 15. g4 h6 16. Rf2 Bc6 17. Rd2 g6 18. fxg6 fxg6 19. Qf1 Bd7 20. Qg2 g5 21. Kh1 Be6 22. Ra4 Nxc2 23. Rxc2 Bxb3 24. Rf2 Rxc3 25. bxc3 Bxa4 26. Be2 Nxe4 0-1

[Event "Roland Gaudet mem"]
[Site "Hull CAN"]
[Date "1999.12.07"]
[Round "4"]
[White "Menard, Marc"]
[Black "Groleau, Gilles"]
[Result "0-1"]
[WhiteElo "1752"]
[BlackElo "1957"]
[PlyCount "74"]
[GameId "2160767911741843"]
[EventDate "1999.11.16"]
[EventType "swiss"]
[EventRounds "5"]
[EventCountry "CAN"]

1. e4 c5 2. Nf3 e6 3. d4 cxd4 4. Nxd4 Nf6 5. Nc3 d6 6. Bg5 h6 7. Be3 a6 8. Be2 Be7 9. f4 Qc7 10. O-O b5 11. Bf3 Bb7 12. a3 Nc6 13. Nxc6 Bxc6 14. Qd2 O-O 15. Rad1 Rac8 16. Qf2 Qb7 17. e5 Ne8 18. Qg3 Bxf3 19. Rxf3 d5 20. f5 Bc5 21. Bxc5 Rxc5 22. f6 g6 23. Qh4 h5 24. Rg3 Kh7 25. Kh1 Qc7 26. Qg5 d4 27. Rxd4 Rxe5 28. Qd2 Nxf6 29. Rf3 Rd8 30. g3 Rxd4 31. Qxd4 Qc6 32. Qxe5 Qxf3+ 33. Kg1 Ng4 34. Qe2 Qxe2 35. Nxe2 Ne3 36. Nd4 Nc4 37. b3 Nxa3 0-1

[Event "Roland Gaudet mem"]
[Site "Hull CAN"]
[Date "1999.12.07"]
[Round "4"]
[White "Thomann, Olivier"]
[Black "Thibault, Mario"]
[Result "0-1"]
[WhiteElo "1781"]
[BlackElo "1727"]
[PlyCount "54"]
[GameId "2160767911741844"]
[EventDate "1999.11.16"]
[EventType "swiss"]
[EventRounds "5"]
[EventCountry "CAN"]

1. e4 c5 2. Nc3 e6 3. f4 Nc6 4. Nf3 d6 5. Be2 Nf6 6. O-O Be7 7. Kh1 O-O 8. d4 cxd4 9. Nxd4 a6 10. Be3 Bd7 11. Qd2 Nxd4 12. Bxd4 Bc6 13. Bd3 Qc7 14. Qf2 b5 15. e5 Nd7 16. Qg3 dxe5 17. fxe5 Nc5 18. Bxc5 Bxc5 19. Ne4 Bxe4 20. Bxe4 Rad8 21. Rae1 Bd4 22. c3 Ba7 23. Qh3 h6 24. Bb1 Rd2 25. Re4 Qc5 26. Rg4 Qf2 27. Rf4 Qxf4 0-1

[Event "Roland Gaudet mem"]
[Site "Hull CAN"]
[Date "1999.12.14"]
[Round "5"]
[White "Charbonneau, Alain"]
[Black "Gagnon, Fabien"]
[Result "0-1"]
[WhiteElo "1998"]
[BlackElo "2064"]
[PlyCount "64"]
[GameId "2160767911741845"]
[EventDate "1999.11.16"]
[EventType "swiss"]
[EventRounds "5"]
[EventCountry "CAN"]

1. Nf3 Nf6 2. g3 g6 3. c4 Bg7 4. Bg2 O-O 5. d4 c6 6. Nc3 d5 7. cxd5 cxd5 8. O-O Nc6 9. b3 Ne4 10. Bb2 Bg4 11. Nxe4 dxe4 12. Ne5 Nxe5 13. dxe5 Qxd1 14. Rfxd1 Bxe2 15. Rd7 Rfd8 16. Rxd8+ Rxd8 17. Bxe4 b6 18. f4 e6 19. Kf2 Bb5 20. Ke3 Bf8 21. a4 Bc5+ 22. Kf3 Rd2 23. Bc3 Rf2+ 24. Kg4 Be2+ 25. Kh3 Bf1+ 26. Rxf1 Rxf1 27. b4 Be3 28. a5 Rc1 29. axb6 axb6 30. Bb2 Rc4 31. Bb7 Rxb4 32. Ba3 Rb3 0-1

[Event "Roland Gaudet mem"]
[Site "Hull CAN"]
[Date "1999.12.14"]
[Round "5"]
[White "Groleau, Gilles"]
[Black "Cote, Jacques"]
[Result "0-1"]
[WhiteElo "1957"]
[BlackElo "2109"]
[PlyCount "68"]
[GameId "2160767911741846"]
[EventDate "1999.11.16"]
[EventType "swiss"]
[EventRounds "5"]
[EventCountry "CAN"]

1. e4 Nc6 2. Nf3 d6 3. d4 g6 4. Be2 Bg7 5. O-O Nf6 6. Nc3 O-O 7. h3 a6 8. Be3 b5 9. a3 Bb7 10. Qd2 Re8 11. b4 e5 12. d5 Nd4 13. Nxd4 exd4 14. Bxd4 Nxe4 15. Nxe4 Rxe4 16. Bxg7 Kxg7 17. f4 Qf6 18. a4 Rae8 19. Bd3 Qd4+ 20. Kh1 Qxd5 21. Qc3+ Rd4 22. Rf2 Re3 23. Kh2 c5 24. bxc5 dxc5 25. axb5 axb5 26. Qb2 c4 27. Bf1 Bc6 28. Ra3 Rxa3 29. Qxa3 Qd6 30. Qe3 Re4 31. Qc3+ f6 32. g3 b4 33. Qd2 Qc5 34. Bg2 c3 0-1

[Event "Roland Gaudet mem"]
[Site "Hull CAN"]
[Date "1999.12.14"]
[Round "5"]
[White "Lacourse, Guy"]
[Black "Thomann, Olivier"]
[Result "0-1"]
[WhiteElo "1600"]
[BlackElo "1781"]
[PlyCount "72"]
[GameId "2160767911741847"]
[EventDate "1999.11.16"]
[EventType "swiss"]
[EventRounds "5"]
[EventCountry "CAN"]

1. d4 Nf6 2. Nf3 g6 3. g3 Bg7 4. Bg2 O-O 5. O-O d6 6. c4 Nbd7 7. Nc3 e5 8. e4 exd4 9. Nxd4 Ne5 10. b3 Bd7 11. Bb2 Re8 12. f4 Nc6 13. Nxc6 Bxc6 14. Qc2 Nxe4 15. Bxe4 Bxe4 16. Nxe4 Bxb2 17. Qxb2 Rxe4 18. Rfe1 Qe7 19. Kf2 Re8 20. Qd2 Rxe1 21. Rxe1 Qxe1+ 22. Qxe1 Rxe1 23. Kxe1 Kg7 24. Kf2 Kf6 25. Kf3 h5 26. h3 c6 27. Ke4 Ke6 28. Kd4 Kf5 29. Ke3 f6 30. Kf3 d5 31. g4+ hxg4+ 32. hxg4+ Ke6 33. c5 f5 34. g5 d4 35. Ke2 Kd5 36. b4 Ke4 0-1

[Event "Roland Gaudet mem"]
[Site "Hull CAN"]
[Date "1999.12.14"]
[Round "5"]
[White "Laurin, Jacques"]
[Black "Menard, Marc"]
[Result "1-0"]
[WhiteElo "1970"]
[BlackElo "1752"]
[PlyCount "73"]
[GameId "2160767911741848"]
[EventDate "1999.11.16"]
[EventType "swiss"]
[EventRounds "5"]
[EventCountry "CAN"]

1. c4 e5 2. g3 Nf6 3. Bg2 d5 4. cxd5 Nxd5 5. Nc3 c6 6. Qb3 Nxc3 7. bxc3 Nd7 8. Nf3 Nc5 9. Qc2 Bd6 10. d4 Nd7 11. O-O Qc7 12. Ng5 Nf6 13. f4 exf4 14. Bxf4 Qd7 15. Bxd6 Qxd6 16. e4 Qe7 17. e5 h6 18. exf6 Qe3+ 19. Kh1 Qxg5 20. Rae1+ Be6 21. Re5 Qg4 22. Rf4 gxf6 23. Rxg4 fxe5 24. Re4 exd4 25. cxd4 O-O-O 26. Rf4 Kb8 27. Qb2 Bd5 28. Bxd5 Rxd5 29. Rxf7 Rb5 30. Qf2 Rb1+ 31. Kg2 a5 32. Qf6 Rb2+ 33. Kh3 Re8 34. Qd6+ Ka8 35. Qc7 Ree2 36. Rf8+ Ka7 37. Qxa5# 1-0

[Event "Schnikta mem"]
[Site "Edmonton CAN"]
[Date "1999.04.07"]
[Round "2"]
[White "Kazakevich, Anastasia"]
[Black "MacNab, John"]
[Result "1-0"]
[WhiteElo "1542"]
[BlackElo "1627"]
[PlyCount "100"]
[GameId "2160767911805325"]
[EventDate "1999.04.01"]
[EventType "swiss"]
[EventRounds "5"]
[EventCountry "CAN"]
[SourceTitle "Albertabase"]
[SourceDate "2003.08.17"]
[SourceVersion "1"]
[SourceVersionDate "2003.08.17"]
[SourceQuality "1"]

1. d4 Nf6 2. c4 g6 3. Nc3 Bg7 4. Nf3 O-O 5. Bg5 d6 6. e3 Nbd7 7. Bd3 c5 8. O-O Nb6 9. Qc2 Qc7 10. Rfe1 Re8 11. Rac1 a6 12. b3 Nbd7 13. a3 b6 14. d5 Nf8 15. h3 e5 16. e4 h6 17. Be3 N8d7 18. Rb1 Rf8 19. Nd2 Nh5 20. Rf1 Qd8 21. Qd1 Qh4 22. Nf3 Qe7 23. Nd2 Re8 24. Nf3 Nf8 25. Qd2 Kh7 26. Ne2 f5 27. exf5 gxf5 28. Ne1 Ng6 29. Qd1 f4 30. Bc1 e4 31. Bc2 Qh4 32. f3 e3 33. Nd3 Rf8 34. Qe1 Qe7 35. Qd1 Qg5 36. Kh2 Kg8 37. Rg1 Ng3 38. Qe1 Nxe2 39. Qxe2 Qg3+ 40. Kh1 Rf5 41. Qe1 Qg5 42. Nb2 Rf7 43. Qe2 Qh5 44. Bxg6 Qxg6 45. Ra1 Qh5 46. Nd3 Bxh3 47. gxh3 Qxh3+ 48. Qh2 Qxf3+ 49. Qg2 Qh5+ 50. Qh2 Qf3+ 1-0

[Event "Schnikta mem"]
[Site "Edmonton CAN"]
[Date "1999.04.15"]
[Round "3"]
[White "Kazakevich, Anastasia"]
[Black "Braitanbach, Rick"]
[Result "1-0"]
[WhiteElo "1542"]
[BlackElo "100"]
[PlyCount "69"]
[GameId "2160767911805326"]
[EventDate "1999.04.01"]
[EventType "swiss"]
[EventRounds "5"]
[EventCountry "CAN"]
[SourceTitle "Albertabase"]
[SourceDate "2003.08.17"]
[SourceVersion "1"]
[SourceVersionDate "2003.08.17"]
[SourceQuality "1"]

1. d4 d5 2. c4 Nf6 3. Nc3 Na6 4. Nf3 c5 5. e3 e6 6. cxd5 exd5 7. Bb5+ Bd7 8. Bxd7+ Qxd7 9. Ne5 Qe6 10. O-O Bd6 11. f4 O-O 12. b3 Rac8 13. Ba3 cxd4 14. Bxd6 Qxd6 15. Qxd4 b6 16. Rac1 Nc5 17. Rfd1 Nfe4 18. Nxe4 Nxe4 19. Rxc8 Rxc8 20. Qxe4 dxe4 21. Rxd6 Rc1+ 22. Kf2 Rc2+ 23. Kf1 Rc1+ 24. Ke2 Rc8 25. Rd7 f6 26. Nc4 b5 27. Nd2 Rc2 28. Rxa7 h5 29. Ra5 g6 30. Rxb5 Rxa2 31. Kd1 f5 32. b4 Kf7 33. Kc1 Ke6 34. Ra5 Rxa5 35. bxa5 1-0

[Event "Schnikta mem"]
[Site "Edmonton CAN"]
[Date "1999.04.22"]
[Round "4"]
[White "Stefanyshyn, Jerry"]
[Black "Kazakevich, Anastasia"]
[Result "0-1"]
[WhiteElo "1555"]
[BlackElo "1542"]
[PlyCount "66"]
[GameId "2160767911805327"]
[EventDate "1999.04.01"]
[EventType "swiss"]
[EventRounds "5"]
[EventCountry "CAN"]
[SourceTitle "Albertabase"]
[SourceDate "2003.08.17"]
[SourceVersion "1"]
[SourceVersionDate "2003.08.17"]
[SourceQuality "1"]

1. e4 d5 2. exd5 Nf6 3. c4 c6 4. dxc6 Nxc6 5. Nf3 Bg4 6. Be2 e6 7. O-O Bc5 8. a3 a5 9. d3 O-O 10. Nc3 Qd7 11. Na4 Ba7 12. Be3 Bxe3 13. fxe3 Qc7 14. Nc3 Rad8 15. Ng5 Bxe2 16. Qxe2 h6 17. Nge4 Nxe4 18. Nxe4 Ne5 19. Rad1 Rd7 20. c5 Nc6 21. Nd6 b6 22. d4 e5 23. Qg4 exd4 24. exd4 Ne7 25. Nxf7 Rxf7 26. Rxf7 Kxf7 27. Rf1+ Kg8 28. Qe6+ Kh7 29. Rf7 Rxd4 30. Rxe7 Rd1+ 31. Kf2 Qxc5+ 32. Kf3 Rd3+ 33. Ke2 Qc2+ 0-1